| 000 | 00559cam a2200205 4500 | ||
|---|---|---|---|
| 001 | ABS65812 | ||
| 008 | 020823n2002 000 0 eng u | ||
| 035 | _a(Sirsi) u119426 | ||
| 245 | _aSpecial report 2002: Cardiff Bay | ||
| 260 | _c2002 | ||
| 490 |
_aEstates Gazette _v(0233) 17 August 2002, 55-71(7) |
||
| 590 | _aABS | ||
| 650 | _aCARDIFF BAY | ||
| 650 | _aINDUSTRIAL SECTOR | ||
| 650 | _aOFFICE SECTOR | ||
| 650 | _aRETAIL SECTOR | ||
| 650 | _aLEISURE SECTOR | ||
| 690 | _aPROPERTY-COMMERCIAL PROPERTY-COMMERCIAL PROPERTY MARKET | ||
| 942 | _n0 | ||
| 999 |
_c71004 _d71004 |
||